The basic practice of statistics / (Record no. 3098)

000 -LEADER
fixed length control field 00943cam a2200265 a 4500
001 - CONTROL NUMBER
control field 4521006
003 - CONTROL NUMBER IDENTIFIER
control field OSt
005 - DATE AND TIME OF LATEST TRANSACTION
control field 20160901125355.0
008 - FIXED-LENGTH DATA ELEMENTS--GENERAL INFORMATION
fixed length control field 990122s2000 nyua 001 0 eng
010 ## - LIBRARY OF CONGRESS CONTROL NUMBER
LC control number 99018033
020 ## - INTERNATIONAL STANDARD BOOK NUMBER
International Standard Book Number 9780716736271
040 ## - CATALOGING SOURCE
Original cataloging agency DLC
Transcribing agency DLC
050 00 - LIBRARY OF CONGRESS CALL NUMBER
Classification number QA276.12.M66 2000
082 00 - DEWEY DECIMAL CLASSIFICATION NUMBER
Classification number 519.5
Edition number 21
100 1# - MAIN ENTRY--PERSONAL NAME
Personal name Moore, David S.
245 14 - TITLE STATEMENT
Title The basic practice of statistics /
Statement of responsibility, etc David S. Moore.
250 ## - EDITION STATEMENT
Edition statement 2nd ed.
260 ## - PUBLICATION, DISTRIBUTION, ETC. (IMPRINT)
Place of publication, distribution, etc New York :
Name of publisher, distributor, etc W. H. Freeman and Co.,
Date of publication, distribution, etc c2000.
300 ## - PHYSICAL DESCRIPTION
Extent xxxi, 619 p. :
Other physical details col. ill. ;
Dimensions 26 cm. +
Accompanying material 1 computer laser optical disc (4 3/4 in.)
500 ## - GENERAL NOTE
General note Includes indexes.
650 #0 - SUBJECT ADDED ENTRY--TOPICAL TERM
Topical term or geographic name as entry element Statistics.
906 ## - LOCAL DATA ELEMENT F, LDF (RLIN)
a 7
b cbc
c orignew
d 1
e ocip
f 19
g y-gencatlg
942 ## - ADDED ENTRY ELEMENTS (KOHA)
Source of classification or shelving scheme
Koha item type Book
Holdings
Withdrawn status Lost status Source of classification or shelving scheme Damaged status Not for loan Home library Current library Shelving location Date acquired Total Checkouts Full call number Barcode Date last seen Date checked out Copy number Price effective from Koha item type
          Riara University Library Riara University Library General stack 01/09/2016 1 QA276.12.M66 2000 8365/16 06/09/2018 26/09/2016 C.1 01/09/2016 Book

Riara University Library,
P.O. Box 49940-00100,
Nairobi, Kenya.